| 000 | 01042cam a22001814a 4500 | ||
|---|---|---|---|
| 005 | 20250605164400.0 | ||
| 008 | 250528s ||||||||||||||||||||||||d | ||
| 035 | _a24539 | ||
| 040 |
_aGR-AtMCL _bgre _dGR-AtMCL _eAACR2 |
||
| 245 | 1 | _aΔώδεκα Χρόνια 'Ideas that Work' | |
| 260 | _c2013 | ||
| 300 | _a42 | ||
| 520 | _aΚι Όμως η Δημιουργική Ιδέα είναι Ομαδική Δουλειά, Η Γραφιστική Κοινότητα Μεγαλώνει και Βραβεύεται, Στην Εποχή του 'Internet of Everything', Προσφορές και Καινοτομία και Παράδοση Δίνουν 'Ανάσες', Η Τεχνολογία Αιχμής Ενισχύει την Αποτελεσματικότητα του Mobile Marketing, Πότε θα Έρθει η Ανάκαμψη και Ποιούς Αφορά, Εργασιακό Περιβάλλον με Βραβείο. | ||
| 700 | 1 |
_aΚορδελάς Δημήτρης _99464 |
|
| 942 | _cCR | ||
| 999 |
_c9416 _d9416 |
||